Normal view
MARC view
- OPTICAL RADAR.LASER COMMUNICATION SYSTEMS.ATMOSPHERE-LASER OBSERVATION
Entry Topical Term
001 - CONTROL NUMBER
- control field: 62795
003 - CONTROL NUMBER IDENTIFIER
- control field: NUST
005 - DATE AND TIME OF LATEST TRANSACTION
- control field: 20210628203010.0
008 - FIXED-LENGTH DATA ELEMENTS
- fixed length control field: 210628|| aca||aabn | a|a d
040 ## - CATALOGING SOURCE
- Original cataloging agency: NUST
- Transcribing agency: NUST
150 ## - HEADING--TOPICAL TERM
- Topical term or geographic name entry element: OPTICAL RADAR.LASER COMMUNICATION SYSTEMS.ATMOSPHERE-LASER OBSERVATION
670 ## - SOURCE DATA FOUND
- Source citation: Work cat.: (NUST): Kovalev, Vladimir A, Eichinger, William E 62794, Elastic lidar, theory, practice, and analysis methods, 2004
